000 00436nam a2200157Ia 4500
008 210716s2014 xx 000 0 und d
020 _a9788126522842
041 _aeng
082 _a004.22 USHM
100 _aUsha, M; Srikanth, T S.
245 _aComputer system architecture and organization.
250 _a1
260 _aNew Delhi
_bWiley India Pvt Ltd
_c2014
300 _axx,275
650 _aComputer Architecture/Organization
999 _c197151
_d197151